The Legend Of Zelda: BOTW, People - Statistics

General Stats
  • This quiz has been taken 174 times
  • The average score is 5 of 7
Answer Stats
Hint Answer % Correct
Super tall Zora Prince, He helps you with Ruta Sidon
97%
Elder in Kakariko that gives you Zeldas message Impa
96%
Super Short Gerudo Chief With the Sand Seal Called Patricia Riju
89%
The Scientist in Hateno with red hair Purah
81%
Rito found at the Flight Range, helps you with Medoh Teba
77%
Really weird Yiga Leader that is chubby Kohga
65%
Daruks Descendant, Helps you with Rudania Yunabo
5%
No matching quizzes found
Score Distribution
Percent of People with Each Score
Percentile by Number Answered
Your Score History
You have not taken this quiz